[Event "OLSW 2122 Turm Illingen - SVG Saarbrüc"]
[Site "?"]
[Date "2021.11.14"]
[Round "2.4"]
[White "Biehler, Thomas"]
[Black "Vogel, Christian"]
[Result "1-0"]
[WhiteElo "2254"]
[BlackElo "2187"]
[PlyCount "119"]
[EventDate "2021.??.??"]

1. c4 g6 2. Nc3 Bg7 3. g3 f5 4. d4 Nf6 5. Bg2 O-O 6. Nf3 d6 7. O-O Qe8 8. b3
Na6 9. Ba3 h6 10. b4 c6 11. Rc1 Nc7 12. d5 Bd7 13. Nd4 cxd5 14. Nxd5 Nfxd5 15.
cxd5 Ba4 16. Qd2 Bxd4 17. Rxc7 Bg7 18. Rxb7 Rc8 19. Rc1 Rxc1+ 20. Qxc1 a6 21.
Bb2 Bxb2 22. Qxb2 Qf7 23. Qd4 Bb5 24. Qe3 f4 25. gxf4 Qxf4 26. Qxf4 Rxf4 27. e4
Kf7 28. f3 Kf6 29. Kf2 g5 30. Ke3 Rh4 31. h3 h5 32. Ra7 g4 33. hxg4 hxg4 34. f4
Rh2 35. Kf2 Rh8 36. a4 Bc4 37. Rc7 Bb3 38. b5 axb5 39. axb5 Ra8 40. b6 Ra2+ 41.
Kg3 Bd1 42. b7 Ra3+ 43. Kf2 Rb3 44. e5+ dxe5 45. fxe5+ Kxe5 46. d6 exd6 47. Rc8
g3+ 48. Ke1 Bg4 49. b8=Q Re3+ 50. Kf1 Bxc8 51. Qxc8 Kd4 52. Qc6 Rc3 53. Qd5+
Ke3 54. Qe6+ Kd2 55. Qxd6+ Rd3 56. Qf4+ Re3 57. Be4 g2+ 58. Kxg2 Kd1 59. Bc2+
Kd2 60. Kf2 1-0

[Event "OLSW 2122 Turm Illingen - SVG Saarbrüc"]
[Site "?"]
[Date "2021.11.14"]
[Round "2.5"]
[White "Bastian, Martin"]
[Black "Giese, Tilman"]
[Result "1-0"]
[WhiteElo "2095"]
[BlackElo "1979"]
[PlyCount "79"]
[EventDate "2021.??.??"]

1. e4 c5 2. Nc3 d6 3. g3 Nf6 4. Bg2 g6 5. d3 Bg7 6. f4 Nc6 7. Nf3 Bg4 8. h3 Bd7
9. O-O O-O 10. g4 Rb8 11. f5 Nd4 12. Ne2 Nxf3+ 13. Bxf3 Bc6 14. c3 c4 15. Nd4
cxd3 16. Nxc6 bxc6 17. Qxd3 Nd7 18. Qe2 Ne5 19. Bg2 Qb6+ 20. Rf2 Qb5 21. Qxb5
Rxb5 22. Bf1 Rb7 23. Be3 Rfb8 24. b3 h6 25. Rd1 g5 26. Kg2 Bf6 27. Rd4 c5 28.
Ra4 Nc6 29. Rc2 a5 30. Bc4 Ra7 31. Bd5 Ne5 32. b4 Rc8 33. Rxa5 Rxa5 34. bxa5
Nc6 35. a6 Rc7 36. Bd2 Na5 37. Rb2 Ra7 38. Rb8+ Kg7 39. Ra8 Rc7 40. a7 1-0

[Event "OLSW 2122 Turm Illingen - SVG Saarbrüc"]
[Site "?"]
[Date "2021.11.14"]
[Round "2.6"]
[White "Hauer, Andreas"]
[Black "Busche, Stefan"]
[Result "0-1"]
[WhiteElo "1922"]
[BlackElo "2071"]
[PlyCount "116"]
[EventDate "2021.??.??"]

1. e4 c5 2. Nf3 e6 3. d3 Nc6 4. g3 g6 5. Bg2 Bg7 6. O-O Nge7 7. c3 d5 8. Qe2
O-O 9. Re1 b6 10. h4 h6 11. e5 a5 12. Bf4 Ba6 13. Nbd2 Ra7 14. Nf1 Rd7 15. N1h2
b5 16. Qd2 d4 17. c4 bxc4 18. dxc4 Nf5 19. Ng4 Bxc4 20. Nxh6+ Nxh6 21. Bxh6 Bd5
22. Bxg7 Kxg7 23. Nh2 Bxg2 24. Kxg2 Rb7 25. Ng4 Rh8 26. b3 a4 27. Rab1 axb3 28.
axb3 Qd5+ 29. Kg1 Qf3 30. Nh2 Qh5 31. f4 Rhb8 32. Qc2 Qf5 33. Qxc5 Rxb3 34.
Rxb3 Rxb3 35. Nf1 Rc3 36. Qb6 Qh3 37. Qb2 Ne7 38. Qg2 Qg4 39. Qe2 Rxg3+ 40.
Nxg3 Qxg3+ 41. Kf1 Nf5 42. Qf2 Qh3+ 43. Ke2 Qc3 44. Kf1 Ne3+ 45. Ke2 Qc4+ 46.
Kf3 Nf5 47. Kg4 Qd3 48. h5 Ne3+ 49. Kh4 Qf5 50. Rxe3 Qxh5+ 51. Kg3 dxe3 52.
Qxe3 Qf5 53. Qd2 g5 54. fxg5 Qxe5+ 55. Kh4 Qe4+ 56. Kh5 Qh7+ 57. Kg4 Qf5+ 58.
Kh5 Qh3# 0-1

[Event "OLSW 2122 Turm Illingen - SVG Saarbrüc"]
[Site "?"]
[Date "2021.11.14"]
[Round "2.7"]
[White "Jenner, Meikel"]
[Black "Feidt, Jonas"]
[Result "1-0"]
[WhiteElo "2006"]
[BlackElo "1570"]
[PlyCount "125"]
[EventDate "2021.??.??"]

1. d4 Nf6 2. c4 c5 3. Nf3 cxd4 4. Nxd4 e5 5. Nc2 d5 6. cxd5 Qxd5 7. Qxd5 Nxd5
8. e4 Nc7 9. Be3 Nc6 10. Nc3 Bd7 11. O-O-O O-O-O 12. Bc4 Ne6 13. Rd2 Be7 14.
Rhd1 h6 15. Nb5 a6 16. Nd6+ Bxd6 17. Rxd6 Kc7 18. Bb6+ Kxb6 19. Rxd7 Rxd7 20.
Rxd7 Ng5 21. Bd5 Rc8 22. h4 Ne6 23. Rxf7 Ned4 24. Nxd4 Nd8+ 25. Nc2 Nxf7 26.
Bxf7 Rf8 27. Bh5 Rf4 28. Bf3 Rxh4 29. Kd2 Rf4 30. Ne3 Rf8 31. Nc4+ Kc5 32. Nxe5
Kd4 33. Ng4 h5 34. Ne3 g6 35. Nc2+ Ke5 36. Ke3 Rc8 37. Nb4 Rc4 38. Nd3+ Ke6 39.
Bd1 Rc8 40. f4 b6 41. Bb3+ Kf6 42. Nb4 Rc1 43. Nd5+ Kg7 44. Nxb6 Rb1 45. Na4
Re1+ 46. Kf3 Rf1+ 47. Kg3 h4+ 48. Kg4 Rg1 49. Nc5 Rxg2+ 50. Kxh4 Rxb2 51. Nxa6
Rg2 52. Bd5 Rg1 53. Nc5 Kf6 54. a4 Ra1 55. Kg4 Rg1+ 56. Kf3 Rf1+ 57. Ke3 Re1+
58. Kd4 Rf1 59. a5 Ke7 60. a6 Ra1 61. Bb7 Kd6 62. e5+ Ke7 63. Kd5 1-0

[Event "OLSW 2122 Turm Illingen - SVG Saarbrüc"]
[Site "?"]
[Date "2021.11.14"]
[Round "2.8"]
[White "Hoppstaedter, Daniel"]
[Black "Horacek, Helmut"]
[Result "1-0"]
[WhiteElo "1760"]
[BlackElo "1992"]
[PlyCount "83"]
[EventDate "2021.??.??"]

1. d4 Nf6 2. c4 g6 3. f3 e5 4. dxe5 Nh5 5. Nh3 Nc6 6. Bg5 Be7 7. Bxe7 Qxe7 8.
Nc3 Nxe5 9. Nd5 Qd8 10. Qd4 f6 11. g4 c6 12. gxh5 cxd5 13. Qxd5 Qb6 14. O-O-O
Qc6 15. b3 Qxd5 16. Rxd5 b6 17. Bg2 Bb7 18. Rd6 Ke7 19. Rhd1 Rac8 20. e4 g5 21.
a4 Rhd8 22. Nf2 Rc6 23. R6d4 d6 24. Kb2 Bc8 25. Rc1 Be6 26. Rc3 Bf7 27. h6 Be6
28. Bh3 Bxh3 29. Nxh3 Rg8 30. f4 Nf7 31. Rg3 Rg6 32. fxg5 fxg5 33. Rd5 Rc5 34.
Kc3 Rxh6 35. Nxg5 Rxd5 36. exd5 Nxg5 37. Rxg5 Rxh2 38. Rg7+ Kf6 39. Rxa7 h5 40.
Rd7 Ke5 41. Re7+ Kf4 42. Re6 1-0

[Event "OLSW 2122 SK Altenkirchen - SC Caissa S"]
[Site "?"]
[Date "2021.11.14"]
[Round "2.1"]
[White "Frischmann, Rick"]
[Black "Bruehl, Andreas"]
[Result "1/2-1/2"]
[WhiteElo "2345"]
[BlackElo "2323"]
[PlyCount "121"]
[EventDate "2021.??.??"]

1. e4 e5 2. Nf3 Nc6 3. Bb5 Nf6 4. O-O Nxe4 5. Re1 Nd6 6. a4 Be7 7. Nc3 O-O 8.
d4 e4 9. Nxe4 Nxe4 10. Rxe4 d5 11. Re1 Nb8 12. Bd3 Bg4 13. h3 Bh5 14. c3 Nd7
15. Qe2 Bd6 16. g4 Bg6 17. Bxg6 fxg6 18. Qe6+ Kh8 19. Qxd5 Qf6 20. Re3 Nb6 21.
Qxb7 Rab8 22. Qe4 Nc4 23. Rd3 Nxb2 24. Bxb2 Rxb2 25. Re1 Ra2 26. Qd5 Rxa4 27.
c4 Ra3 28. Re6 Qf4 29. Rxa3 Bxa3 30. Kg2 Bb2 31. Re7 Bxd4 32. Qxd4 Qxf3+ 33.
Kg1 Qf6 34. Qxf6 gxf6 35. Rxc7 a5 36. Kf1 Ra8 37. Ke2 a4 38. Rb7 a3 39. Rb1 Kg7
40. Kd2 a2 41. Ra1 Ra3 42. Kc2 f5 43. gxf5 gxf5 44. c5 Kf6 45. c6 Ke7 46. Kb2
Ra6 47. Rxa2 Rxc6 48. Ra7+ Kf6 49. Rxh7 Kg5 50. Rg7+ Kf4 51. Rg2 Kf3 52. Rh2 f4
53. h4 Kg4 54. h5 Rh6 55. Kc3 Rxh5 56. Rxh5 Kxh5 57. Kd4 Kh4 58. Ke5 Kg4 59.
Ke4 f3 60. Ke3 Kg5 61. Kxf3 1/2-1/2

[Event "OLSW 2122 SK Altenkirchen - SC Caissa S"]
[Site "?"]
[Date "2021.11.14"]
[Round "2.3"]
[White "Chassard, Cedric"]
[Black "Telke, Holger"]
[Result "1-0"]
[WhiteElo "1954"]
[BlackElo "2094"]
[PlyCount "93"]
[EventDate "2021.??.??"]

1. e4 e6 2. d4 d5 3. Nd2 dxe4 4. Nxe4 Nd7 5. Nf3 Ngf6 6. Nxf6+ Nxf6 7. c3 c5 8.
Bf4 cxd4 9. Qxd4 Qxd4 10. Nxd4 a6 11. Be2 Bc5 12. Nb3 Ba7 13. Bf3 Bb8 14. Be3
O-O 15. O-O-O Ba7 16. Nc5 e5 17. Bxb7 Bxb7 18. Nxb7 Bxe3+ 19. fxe3 Ng4 20. Rd2
Nxe3 21. Re2 Nc4 22. b3 Ra7 23. Nc5 Rc8 24. Na4 Nd6 25. Rxe5 f5 26. Rd1 Ne4 27.
Rxf5 Nxc3 28. Nxc3 Rxc3+ 29. Kb2 Rc8 30. Rfd5 Rcc7 31. Rf1 g6 32. h4 Re7 33.
Rf2 Re6 34. h5 gxh5 35. Rxh5 Rg6 36. Rhf5 Kg7 37. Rd2 Re7 38. Rfd5 Ree6 39.
Rd7+ Kh6 40. g3 Rxg3 41. Rh2+ Kg6 42. Rdxh7 Rge3 43. R2h6+ Kg5 44. Rxe6 Rxe6
45. Rf7 Re2+ 46. Ka3 Re5 47. Ka4 1-0

[Event "OLSW 2122 SK Altenkirchen - SC Caissa S"]
[Site "?"]
[Date "2021.11.14"]
[Round "2.4"]
[White "Schmidt, Reiner"]
[Black "Uhrig, Christian"]
[Result "0-1"]
[WhiteElo "2142"]
[BlackElo "2061"]
[PlyCount "52"]
[EventDate "2021.??.??"]

1. e4 c5 2. d4 cxd4 3. c3 Nf6 4. e5 Nd5 5. Nf3 Nc6 6. Bc4 Nb6 7. Bb3 d6 8. exd6
Qxd6 9. Na3 a6 10. O-O Be6 11. Bxe6 Qxe6 12. Nxd4 Nxd4 13. Qxd4 Rd8 14. Qh4 f6
15. Be3 Nd5 16. Bd4 g5 17. Qh5+ Qf7 18. Qe2 Bg7 19. Bc5 O-O 20. c4 b6 21. Be3
Nxe3 22. Qxe3 Rd6 23. Rad1 Rfd8 24. Rxd6 Rxd6 25. Nc2 Qxc4 26. Qxe7 Bf8 0-1

[Event "OLSW 2122 SK Altenkirchen - SC Caissa S"]
[Site "?"]
[Date "2021.11.14"]
[Round "2.5"]
[White "Tabatt, Hendrik"]
[Black "Kaster, Martin"]
[Result "0-1"]
[WhiteElo "2340"]
[BlackElo "2051"]
[PlyCount "60"]
[EventDate "2021.??.??"]

1. d4 d5 2. Nf3 Bf5 3. c4 c6 4. Qb3 Qb6 5. cxd5 Qxb3 6. axb3 Bxb1 7. Rxb1 cxd5
8. e4 dxe4 9. Ne5 Nf6 10. Bb5+ Nfd7 11. d5 f6 12. Nc4 Kf7 13. O-O a6 14. Ra1
axb5 15. Rxa8 bxc4 16. bxc4 e5 17. Be3 Bd6 18. b4 b6 19. Rfa1 Rc8 20. R1a7 Ke8
21. c5 bxc5 22. bxc5 Bxc5 23. Rb7 Bxe3 24. fxe3 Ke7 25. Rb5 h5 26. Ra2 Rc5 27.
Rxc5 Nxc5 28. Ra8 Nbd7 29. h4 f5 30. g3 Nf6 0-1

[Event "OLSW 2122 SK Altenkirchen - SC Caissa S"]
[Site "?"]
[Date "2021.11.14"]
[Round "2.6"]
[White "Hoffmann, Thomas"]
[Black "Gress, Alexander"]
[Result "1-0"]
[WhiteElo "2020"]
[BlackElo "2133"]
[PlyCount "91"]
[EventDate "2021.??.??"]

1. d4 c5 2. d5 Nf6 3. c4 b5 4. b3 g6 5. Bb2 Bg7 6. Nd2 bxc4 7. bxc4 O-O 8. e4
d6 9. Bd3 Nbd7 10. Ngf3 Rb8 11. Bc3 Nxd5 12. Bxg7 Nf4 13. Bxf8 Nxd3+ 14. Kf1
Qxf8 15. Rb1 Nb6 16. Qe2 Nf4 17. Qe3 e5 18. Rc1 f5 19. g3 Nh5 20. exf5 Qxf5 21.
h3 Qf7 22. Ng5 Qe7 23. Kg2 Bb7+ 24. f3 d5 25. h4 e4 26. fxe4 d4 27. Qe2 Qe5 28.
Qg4 Re8 29. Rhf1 Nd7 30. Nf7 Bxe4+ 31. Kh2 Qe6 32. Qxe6 Rxe6 33. Ng5 Bf5 34.
Nxe6 Bxe6 35. Rb1 Nb6 36. Rb5 Nxc4 37. Nxc4 Bxc4 38. Rb8+ Kg7 39. Rc1 Bxa2 40.
Rxc5 Nf6 41. Rc7+ Kh6 42. Rxa7 Bd5 43. Rd8 d3 44. Ra4 Be4 45. Rdd4 Bf5 46. g4
1-0

[Event "OLSW 2122 SK Altenkirchen - SC Caissa S"]
[Site "?"]
[Date "2021.11.14"]
[Round "2.8"]
[White "Berker, Daniel"]
[Black "Holle, Cedric"]
[Result "1/2-1/2"]
[WhiteElo "1784"]
[BlackElo "2110"]
[PlyCount "96"]
[EventDate "2021.??.??"]

1. e4 e5 2. Nf3 Nc6 3. Nc3 Nf6 4. d4 exd4 5. Nd5 Nxd5 6. exd5 Bb4+ 7. Bd2 Qe7+
8. Qe2 Bxd2+ 9. Kxd2 Qxe2+ 10. Bxe2 Nb4 11. Bc4 O-O 12. Nxd4 c6 13. c3 cxd5 14.
Bb3 Nc6 15. Rhe1 d6 16. Bxd5 Nxd4 17. cxd4 Be6 18. Bxe6 fxe6 19. f3 Kf7 20.
Rac1 Rac8 21. Rc3 Rxc3 22. bxc3 Rc8 23. Kd3 d5 24. Rb1 b6 25. a4 Kf6 26. a5
bxa5 27. Rb5 Rc6 28. Rxa5 a6 29. g3 g5 30. g4 Kg6 31. Ra2 h5 32. h3 h4 33. Ra3
Kf6 34. Ra5 Rb6 35. Kc2 Ke7 36. c4 dxc4 37. Rxg5 Rb3 38. Rh5 Rxf3 39. Rxh4 Kd6
40. Rh5 Rd3 41. Ra5 Rxh3 42. Rc5 Rg3 43. Rxc4 Kd5 44. Ra4 Rxg4 45. Kd3 Rg3+ 46.
Ke2 Ke4 47. Rxa6 Rg2+ 48. Kf1 Rg6 1/2-1/2

[Event "OLSW 2122 SV Speyer Schwegenheim II - S"]
[Site "?"]
[Date "2021.11.14"]
[Round "2.1"]
[White "Lang, Torsten"]
[Black "Boguslawski, Oleg"]
[Result "0-1"]
[WhiteElo "2304"]
[BlackElo "2376"]
[PlyCount "100"]
[EventDate "2021.??.??"]

1. d4 Nf6 2. Nf3 e6 3. g3 b5 4. Bg2 Bb7 5. O-O Be7 6. c3 O-O 7. a4 b4 8. a5 Na6
9. Bg5 Rb8 10. Qd3 c5 11. Rd1 Qc8 12. Nbd2 h6 13. Bxf6 Bxf6 14. Ne4 Bxe4 15.
Qxe4 bxc3 16. bxc3 d5 17. Qf4 Rb3 18. Rac1 c4 19. e4 Nc7 20. Nd2 Ra3 21. exd5
Nxd5 22. Bxd5 exd5 23. Qd6 Rxa5 24. Ra1 Rd8 25. Qb4 Ra6 26. Rxa6 Qxa6 27. Nf1
Qa2 28. Ne3 Qe2 29. Ra1 Bg5 30. Nf1 Qf3 31. h4 Bf6 32. Rxa7 Re8 33. Qb7 Re2 34.
Qb8+ Kh7 35. Qf4 Qxf4 36. gxf4 Bxh4 37. Rxf7 Bxf2+ 38. Kh1 Be1 39. Rd7 Bxc3 40.
Ng3 Re1+ 41. Kg2 Bxd4 42. Nf5 Rd1 43. Rxd5 c3 44. Nxd4 c2 45. Nxc2 Rxd5 46. Kf3
Kg6 47. Kg4 Rd3 48. Ne1 Rc3 49. Ng2 h5+ 50. Kh4 Rf3 0-1

[Event "OLSW 2122 SV Speyer Schwegenheim II - S"]
[Site "?"]
[Date "2021.11.14"]
[Round "2.2"]
[White "Berend, Fred"]
[Black "Silber, Henning"]
[Result "0-1"]
[WhiteElo "2325"]
[BlackElo "2282"]
[PlyCount "240"]
[EventDate "2021.??.??"]

1. e4 e5 2. Nf3 Nc6 3. Bc4 Nf6 4. d3 Be7 5. O-O O-O 6. Re1 d6 7. c3 Na5 8. Bb5
a6 9. Ba4 b5 10. Bc2 c5 11. Nbd2 h6 12. d4 Qc7 13. b3 cxd4 14. cxd4 exd4 15.
Bb2 Nc6 16. Nxd4 Nxd4 17. Bxd4 Be6 18. Rc1 Qa5 19. Nf1 Rfd8 20. Qd3 Rac8 21. f4
d5 22. e5 Ne4 23. Ng3 g6 24. Qe3 Bb4 25. Bb6 Qxb6 26. Qxb6 Bc5+ 27. Qxc5 Nxc5
28. b4 Na4 29. f5 gxf5 30. Bxf5 Rc4 31. a3 d4 32. Rcd1 Rc3 33. Bxe6 fxe6 34.
Ne4 Rxa3 35. Nd6 d3 36. Re3 Rd7 37. Rexd3 Rxd3 38. Rxd3 Rc7 39. Rg3+ Rg7 40.
Rf3 Rg4 41. Rf6 Rxb4 42. Rxe6 Nc5 43. Re8+ Kh7 44. Kf2 a5 45. Kf3 a4 46. Ra8
Ne6 47. Ra7+ Kg6 48. Ra6 Rb3+ 49. Kf2 Nc5 50. Rc6 Nd3+ 51. Ke2 Nxe5 52. Rb6 a3
53. Nxb5+ Kg7 54. Rb7+ Nf7 55. h3 a2 56. Ra7 Rxb5 57. Rxa2 Rb3 58. Kf2 Ng5 59.
Re2 Nh7 60. Kg1 Nf6 61. Kh2 Kg6 62. Rc2 Rd3 63. Rb2 Kg5 64. Rb5+ Rd5 65. Rb2
Ne4 66. Rb8 Kf4 67. Rf8+ Rf5 68. Rh8 Rf6 69. Ra8 Rg6 70. Ra3 Rd6 71. Rf3+ Kg5
72. Kg1 Rd1+ 73. Kh2 h5 74. Re3 Kf4 75. Rf3+ Kg5 76. Re3 Rd4 77. g3 Rd2+ 78.
Kg1 Nf2 79. Re5+ Kg6 80. h4 Ng4 81. Rg5+ Kh6 82. Ra5 Nf6 83. Re5 Kg6 84. Rg5+
Kf7 85. Re5 Rd5 86. Re2 Rd4 87. Kf2 Re4 88. Ra2 Ke6 89. Kf3 Rd4 90. Ra5 Nd5 91.
Ra8 Kf5 92. Rg8 Nf6 93. Rg5+ Ke6 94. Ra5 Rb4 95. Rg5 Ra4 96. Rc5 Ra3+ 97. Kf4
Ra4+ 98. Kf3 Nd5 99. Rc8 Kf5 100. Rf8+ Nf6 101. Rf7 Ra3+ 102. Kg2 Ra2+ 103. Kf3
Ra3+ 104. Kg2 Rd3 105. Rg7 Ke5 106. Rg5+ Ke4 107. Ra5 Nd5 108. Ra4+ Ke3 109. g4
Nf4+ 110. Kg3 Ne2+ 111. Kg2 Nc3 112. Rc4 Ne4 113. gxh5 Rd2+ 114. Kg1 Kf3 115.
Ra4 Rd1+ 116. Kh2 Rd2+ 117. Kg1 Rg2+ 118. Kf1 Rc2 119. Kg1 Ng3 120. Ra3+ Kg4
0-1

[Event "OLSW 2122 SV Speyer Schwegenheim II - S"]
[Site "?"]
[Date "2021.11.14"]
[Round "2.3"]
[White "Bruch, Jochen"]
[Black "Berend, Elvira"]
[Result "0-1"]
[WhiteElo "2206"]
[BlackElo "2328"]
[PlyCount "94"]
[EventDate "2021.??.??"]

1. Nf3 Nf6 2. g3 g6 3. Bg2 Bg7 4. O-O O-O 5. c4 d6 6. Nc3 Nc6 7. Rb1 Be6 8. d3
Qc8 9. Re1 Bh3 10. Bh1 h6 11. b4 e5 12. Qb3 Ng4 13. c5 dxc5 14. bxc5 Rb8 15.
Nd5 Kh7 16. Ne3 f5 17. Qc4 Nxe3 18. Bxe3 f4 19. Bd2 Be6 20. Qa4 g5 21. Bc3 Qd7
22. a3 Qf7 23. Rf1 Bh3 24. Qe4+ Bf5 25. Qa4 Qe7 26. Qc4 Kh8 27. Rfc1 Qd7 28.
Rb2 Be6 29. Qa4 Qf7 30. Rf1 Bh3 31. Bg2 Bxg2 32. Kxg2 e4 33. Nd4 exd3 34. f3
Qd5 35. Nb5 Bxc3 36. Nxc3 Qxc5 37. Ne4 Qe5 38. Rb5 Qd4 39. Qb3 dxe2 40. Re1 Qg7
41. Rxb7 Na5 42. Rxb8 Nxb3 43. Rxb3 Qf7 44. Rc3 g4 45. Nd2 fxg3 46. hxg3 Qa2
47. Rxe2 Rd8 0-1

[Event "OLSW 2122 SV Speyer Schwegenheim II - S"]
[Site "?"]
[Date "2021.11.14"]
[Round "2.4"]
[White "Commercon, Simon"]
[Black "Vogel, Johannes"]
[Result "0-1"]
[WhiteElo "2209"]
[BlackElo "2155"]
[PlyCount "110"]
[EventDate "2021.??.??"]

1. d4 d5 2. c4 dxc4 3. Nf3 Nf6 4. e3 b5 5. a4 b4 6. Bxc4 e6 7. Nbd2 Be7 8. Qc2
Bb7 9. e4 Nbd7 10. e5 Nd5 11. Nb3 c5 12. Nxc5 Nxc5 13. dxc5 Rc8 14. Bb5+ Kf8
15. Qe2 Rxc5 16. O-O g5 17. Rd1 Rg8 18. Nd4 Qb8 19. Qh5 Rg7 20. Nf3 Kg8 21. Qg4
Nf4 22. Bf1 h5 23. Qg3 Be4 24. Bxf4 h4 25. Nxh4 gxf4 26. Qxf4 Qxe5 27. Qxe5
Rxe5 28. Rd4 Bxh4 29. f3 Bxf3 30. Rxh4 Bxg2 31. Bxg2 Re2 32. Rxb4 Rgxg2+ 33.
Kf1 Ref2+ 34. Ke1 Rc2 35. Kf1 Rcf2+ 36. Ke1 Rxb2 37. Rxb2 Rxb2 38. h3 Rb3 39.
Rc1 Rb4 40. Ra1 a5 41. Kf2 f5 42. Ra3 Kf7 43. Kg3 Kf6 44. Ra1 e5 45. Ra3 Kg5
46. Ra2 f4+ 47. Kg2 e4 48. Kh2 Kf5 49. Kg2 f3+ 50. Kg3 Rb7 51. Rc2 Rg7+ 52. Kh2
Kf4 53. Rc8 f2 54. Rf8+ Ke3 55. h4 Rg1 0-1

[Event "OLSW 2122 SV Speyer Schwegenheim II - S"]
[Site "?"]
[Date "2021.11.14"]
[Round "2.5"]
[White "Lang, Matthias"]
[Black "Kraemer, Enrico"]
[Result "0-1"]
[WhiteElo "2164"]
[BlackElo "2209"]
[PlyCount "88"]
[EventDate "2021.??.??"]

1. d4 Nf6 2. Nf3 d5 3. Bg5 e6 4. e3 h6 5. Bh4 c5 6. c3 Nc6 7. Nbd2 Be7 8. Bd3
O-O 9. O-O b6 10. Ne5 Nxe5 11. dxe5 Nd7 12. Bg3 Bb7 13. Qg4 c4 14. Bc2 Nc5 15.
Rad1 b5 16. h4 Kh8 17. Nf3 Qe8 18. Ng5 Rd8 19. Rd4 Bc8 20. Nh7 Rg8 21. Nf6 Bxf6
22. exf6 e5 23. fxg7+ Rxg7 24. Qh5 exd4 25. Be5 Kg8 26. exd4 f6 27. Qxe8+ Rxe8
28. Bxf6 Nd3 29. Bxg7 Kxg7 30. Bd1 Bf5 31. Bf3 Ne1 32. Bh5 Bg6 33. Bxg6 Kxg6
34. g4 Nd3 35. f4 Re4 36. f5+ Kf7 37. f6 Rxg4+ 38. Kh2 Rxh4+ 39. Kg3 Rh5 40. b3
Rg5+ 41. Kh4 Rg2 42. bxc4 Nf2 43. cxd5 Kg6 44. d6 Rg4# 0-1

[Event "OLSW 2122 SV Speyer Schwegenheim II - S"]
[Site "?"]
[Date "2021.11.14"]
[Round "2.6"]
[White "Flierl, Pascal"]
[Black "Bold, Andre"]
[Result "1/2-1/2"]
[WhiteElo "2190"]
[BlackElo "2131"]
[PlyCount "74"]
[EventDate "2021.??.??"]

1. e4 c5 2. Nc3 Nc6 3. f4 g6 4. Nf3 Bg7 5. Bb5 Nd4 6. O-O Nxb5 7. Nxb5 d5 8. e5
a6 9. Nc3 Bg4 10. d4 cxd4 11. Qxd4 Bxf3 12. Rxf3 e6 13. Be3 Ne7 14. Qb4 O-O 15.
Bc5 Re8 16. Qxb7 Qc8 17. Qxc8 Raxc8 18. Na4 f6 19. exf6 Bxf6 20. Bxe7 Rxe7 21.
c3 d4 22. Rd1 dxc3 23. Nxc3 Rb7 24. Rd2 Bxc3 25. Rxc3 Rxc3 26. bxc3 Rb1+ 27.
Kf2 Rc1 28. Rd6 Rc2+ 29. Ke3 Rxa2 30. g4 Rxh2 31. g5 Rh3+ 32. Kd4 Rf3 33. Ke5
Rxc3 34. Rxa6 Rc8 35. Rxe6 Rf8 36. Re7 Ra8 37. Rb7 Rf8 1/2-1/2

[Event "OLSW 2122 SV Speyer Schwegenheim II - S"]
[Site "?"]
[Date "2021.11.14"]
[Round "2.7"]
[White "Silber, Gerhard"]
[Black "Theel, Thomas"]
[Result "1/2-1/2"]
[WhiteElo "2195"]
[BlackElo "2164"]
[PlyCount "59"]
[EventDate "2021.??.??"]

1. d4 Nf6 2. Bg5 c5 3. Nc3 Qa5 4. Bxf6 gxf6 5. d5 d6 6. e3 Bg7 7. Bb5+ Kf8 8.
Qh5 Qb4 9. Nge2 Bg4 10. Qh4 Bd7 11. Qxb4 cxb4 12. Bxd7 Nxd7 13. Nb5 Nb6 14. Nf4
Bh6 15. Nd3 Nxd5 16. a3 bxa3 17. Rxa3 a6 18. Nd4 e6 19. c4 Ne7 20. Rb3 Rb8 21.
Rb6 d5 22. Nc5 Rc8 23. b4 dxc4 24. Rxb7 e5 25. Nc2 Nd5 26. Nxa6 Kg7 27. Ke2
Rhd8 28. Rc1 Kg6 29. Na3 c3 30. Nb5 1/2-1/2

[Event "OLSW 2122 SV Speyer Schwegenheim II - S"]
[Site "?"]
[Date "2021.11.14"]
[Round "2.8"]
[White "Gellendin, Ingo"]
[Black "Wolfer, Joshua"]
[Result "1/2-1/2"]
[WhiteElo "2119"]
[BlackElo "1994"]
[PlyCount "51"]
[EventDate "2021.??.??"]

1. e4 d6 2. d4 g6 3. Nc3 Bg7 4. Be3 Nf6 5. Qd2 h6 6. h3 Nbd7 7. Nf3 a6 8. a4 c5
9. d5 Qb6 10. Ra2 Qb4 11. Bd3 c4 12. Be2 Nc5 13. O-O Bd7 14. a5 Rb8 15. Nd4 O-O
16. f3 Kh7 17. Rd1 b6 18. axb6 Rxb6 19. Bf1 Rfb8 20. Qf2 Ne8 21. Bd2 Nb3 22.
Be3 Nxd4 23. Bxd4 Bxd4 24. Qxd4 Rc8 25. Kf2 Qc5 26. Ke3 1/2-1/2

[Event "OLSW 2122 SC GEMA St. Ingbert - Turm Il"]
[Site "?"]
[Date "2022.02.13"]
[Round "6.1"]
[White "Mayer, Frank"]
[Black "Aditya, Pai"]
[Result "1-0"]
[WhiteElo "2286"]
[BlackElo "1575"]
[PlyCount "83"]
[EventDate "2022.??.??"]

1. c4 e5 2. Nc3 f5 3. d4 d6 4. dxe5 dxe5 5. Qxd8+ Kxd8 6. e4 f4 7. g3 fxg3 8.
hxg3 c6 9. Nf3 Bd6 10. c5 Bc7 11. Ng5 Ke7 12. Rxh7 Rxh7 13. Nxh7 Nf6 14. Nxf6
gxf6 15. Bc4 Be6 16. Bxe6 Kxe6 17. Be3 Ba5 18. Kd2 Na6 19. a3 Rh8 20. b4 Bd8
21. Rb1 Be7 22. Kd3 Kd7 23. Kc4 Kc7 24. b5 Nb8 25. a4 Nd7 26. a5 a6 27. bxa6
bxa6 28. Na4 Bd8 29. Nb6 Nf8 30. Rd1 Be7 31. Nd5+ cxd5+ 32. exd5 Bd8 33. c6 Nd7
34. Rb1 Nb8 35. Rb7+ Kc8 36. Bb6 Re8 37. Bxd8 Nxc6 38. dxc6 Rxd8 39. Rf7 Rd1
40. Kc5 Rd2 41. Rxf6 Rc2+ 42. Kb6 1-0

[Event "OLSW 2122 SC GEMA St. Ingbert - Turm Il"]
[Site "?"]
[Date "2022.02.13"]
[Round "6.2"]
[White "Zengerle, Tobias"]
[Black "Klein, Joachim"]
[Result "0-1"]
[WhiteElo "1958"]
[BlackElo "2168"]
[PlyCount "74"]
[EventDate "2022.??.??"]

1. e4 c5 2. Nc3 e6 3. g3 d5 4. exd5 exd5 5. Bg2 Nf6 6. d3 h6 7. Nf3 d4 8. Qe2+
Be7 9. Ne4 Nd5 10. c4 dxc3 11. Nxc3 Nc6 12. Nxd5 Qxd5 13. O-O Qh5 14. Qe4 Bf5
15. Qa4 O-O 16. Be3 Bxd3 17. Rfe1 Bf6 18. Qa3 c4 19. Bd2 Rfe8 20. Bc3 Be7 21.
Qa4 Bc5 22. Rxe8+ Rxe8 23. Bd4 Re2 24. Qb5 Nxd4 25. Nxd4 Re7 26. b4 Bxd4 27.
Qxh5 Bxa1 28. h4 c3 29. Qd5 Re1+ 30. Kh2 Bb1 31. h5 c2 32. Qd8+ Kh7 33. Qd3+ g6
34. hxg6+ fxg6 35. Qd7+ Bg7 36. Bd5 c1=Q 37. Qf7 h5 0-1

[Event "OLSW 2122 SC GEMA St. Ingbert - Turm Il"]
[Site "?"]
[Date "2022.02.13"]
[Round "6.3"]
[White "Biehler, Thomas"]
[Black "Joeres, Roman"]
[Result "0-1"]
[WhiteElo "2262"]
[BlackElo "1846"]
[PlyCount "58"]
[EventDate "2022.??.??"]

1. c4 Nf6 2. g3 c6 3. Nf3 g6 4. Bg2 Bg7 5. O-O O-O 6. Nc3 d5 7. cxd5 cxd5 8. d4
Ne4 9. Qb3 Nxc3 10. bxc3 Nc6 11. Nd2 e6 12. a4 b6 13. e4 Na5 14. Qa2 Ba6 15.
exd5 Bxf1 16. Nxf1 Rc8 17. dxe6 fxe6 18. Qxe6+ Kh8 19. Ba3 Re8 20. Qf7 Rxc3 21.
Bd5 Rc7 22. Qf3 Qf6 23. Rd1 Qxf3 24. Bxf3 Rc3 25. Bg4 Rxa3 26. d5 Nb7 27. d6
Rd8 28. d7 Kg8 29. Ne3 Ra1 0-1

[Event "OLSW 2122 SC GEMA St. Ingbert - Turm Il"]
[Site "?"]
[Date "2022.02.13"]
[Round "6.4"]
[White "Hoefer, Michael"]
[Black "Hauer, Andreas"]
[Result "1/2-1/2"]
[WhiteElo "1526"]
[BlackElo "1916"]
[PlyCount "83"]
[EventDate "2022.??.??"]

1. c4 e6 2. g3 Nf6 3. Bg2 d5 4. Qb3 Be7 5. d3 O-O 6. Nc3 c6 7. Bf4 d4 8. Ne4
Nxe4 9. Bxe4 e5 10. Bd2 Nd7 11. Bg2 Nc5 12. Qc2 a5 13. b3 f5 14. a3 e4 15. Rb1
exd3 16. exd3 Bf6 17. b4 Re8+ 18. Ne2 axb4 19. axb4 Nd7 20. Bc1 Qe7 21. Rb2 Nf8
22. O-O Ne6 23. Nf4 Nxf4 24. Bxf4 g5 25. Bd2 Bd7 26. Ra2 Qd6 27. Rxa8 Rxa8 28.
f4 h6 29. Qb2 Re8 30. Ra1 g4 31. Be1 h5 32. Bf2 Bc8 33. Ra7 h4 34. b5 h3 35.
Bf1 c5 36. Ra8 Qd7 37. Qa3 b6 38. Qa7 Qxa7 39. Rxa7 Bd8 40. Ra8 Bb7 41. Ra7 Bf3
42. Ra6 1/2-1/2